Informe de desarrollo humano para Colombia 1998 / (Registro nro. 1931)
[ vista simple ]
| 000 -CABECERA | |
|---|---|
| Campo de control | 01239cam a2200289 a 4500 |
| 005 - FECHA Y HORA DE LA ULTIMA TRANSACCION | |
| Campo de control | 20160303110631.0 |
| 008 - ELEMENTOS DE LONGITUD FIJA—INFORMACION GENERAL | |
| Campo de control | 981120s1998 ck ab r 00010 spa d |
| 020 ## - ISBN | |
| ISBN | 9586017842 |
| 040 ## - FUENTE DE CATALOGACIÓN | |
| Agencia catalogadora original | la |
| Agencia transcriptora | la |
| Agencia Modificadora | CO-BoIAVH |
| 041 0# - IDIOMA | |
| Código de idioma para texto/pista de sonido o título separado | Español |
| 044 ## - PAÍS DE PUBLICACIÓN | |
| País de publicación | Colombia |
| 082 04 - NUMERO DE CLASIFICACION DECIMAL DEWEY | |
| Número de clasificación | 303.44 |
| Número del ítem | C65i |
| 110 2# - ASIENTO PRINCIPAL--NOMBRE CORPORATIVO | |
| Nombre corporativo o de jurisdicción como elemento de entrada | Colombia. |
| Unidad subordinad | Departamento Nacional de Planeación. |
| 9 (RLIN) | 6745 |
| 245 10 - MENCION DE TITULO | |
| Título | Informe de desarrollo humano para Colombia 1998 / |
| Mención de responsabilidad | Coordinadores Alfredo Sarmiento Gómez, Clara Ramírez Gómez. |
| 250 ## - MENCION DE EDICION | |
| Mención de edición | Edición Margarita Marín. |
| 260 ## - PUBLICACION, DISTRIBUCION, ETC. (PIE DE IMPRENTA) | |
| Lugar de publicación, distribución, etc. | [Santa Fe de Bogotá] : |
| Nombre del editor, distribuidor, etc. | Tercer Mundo Editores, Departamento Nacional de Planeación, |
| Fecha de publicación, distribución, etc. | 1998. |
| 300 ## - DESCRIPCION FISICA | |
| Extensión | xiv, 169 páginas : |
| Otros detalles físicos | Ilustraciones, mapas; |
| Dimensiones | 26 x 21 cm. |
| 504 ## - NOTA DE BIBLIOGRAFIA, ETC. | |
| Nota de bibliografía | Incluye referencias bibliográficas: página [165]-169 |
| 650 16 - ASIENTO SECUNDARIO DE MATERIA - TERMINO TEMATICO | |
| Término temático o nombre geográfico como elemento de entrada | Desarrollo comunitario |
| Subdivisión geográfica | Colombia |
| Subdivisión cronológica | 1998 |
| Subdivisión de forma | Informes. |
| 9 (RLIN) | 63459 |
| 650 26 - ASIENTO SECUNDARIO DE MATERIA - TERMINO TEMATICO | |
| Término temático o nombre geográfico como elemento de entrada | Necesidades básicas |
| Subdivisión geográfica | Colombia |
| Subdivisión cronológica | 1998 |
| Subdivisión de forma | Informes. |
| 9 (RLIN) | 63460 |
| 650 26 - ASIENTO SECUNDARIO DE MATERIA - TERMINO TEMATICO | |
| Término temático o nombre geográfico como elemento de entrada | Desarrollo humano |
| Subdivisión geográfica | Colombia |
| Subdivisión cronológica | 1998 |
| Subdivisión de forma | Informes. |
| 9 (RLIN) | 63461 |
| 651 26 - ASIENTO SECUNDARIO DE MATERIA - NOMBRE GEOGRAFICO | |
| Nombre geográfico | Colombia |
| Subdivisión general | Condiciones sociales |
| Subdivisión cronológica | 1998 |
| Subdivisión de forma | Informes. |
| 9 (RLIN) | 63462 |
| 700 1# - ASIENTO SECUNDARIO - NOMBRE PERSONAL | |
| Nombre personal | Sarmiento Gómez, Alfredo. |
| 9 (RLIN) | 63463 |
| 700 1# - ASIENTO SECUNDARIO - NOMBRE PERSONAL | |
| Nombre personal | Ramírez Gómez, Clara. |
| 9 (RLIN) | 63464 |
| 700 1# - ASIENTO SECUNDARIO - NOMBRE PERSONAL | |
| Nombre personal | Marín, Margarita, |
| Término de relación | Editora |
| 9 (RLIN) | 63465 |
| 942 ## - ELEMENTOS ADICIONALES (KOHA) | |
| Sistema de clasificación | Dewey Decimal Classification |
| Tipo de ítem | Libro |
| Withdrawn status | Lost status | Sistema de Clasificación | Damaged status | No para préstamo | Colección | Inventariado | Ubicación Permanente | Ubicación actual | Fecha de adquisición | Fuente de Valor | Valor | Total Checkouts | Número topográfico | Inventario / Código de Barras | Date last seen | Ejemplar | Price effective from | Forma de adquisición | Tipo de material |
|---|---|---|---|---|---|---|---|---|---|---|---|---|---|---|---|---|---|---|---|
| Dewey Decimal Classification | General | Inventariado 2017 | Bogotá | Bogotá | 26/01/2001 | Ferreira Miani, Paola | 39000.00 | LB-303.44 C65i | 006432 | 04/12/2012 | Ej. 1 | 04/12/2012 | Libro |